000 00523nam a2200181Ia 4500
005 20250508151454.0
008 008 250505s9999 xx 000 0 eng d
037 _aTextual
040 _aFEDL
_beng
_cFEDL
041 _aeng
_2eng
084 _a371.4, IND
_qFEDL
245 0 _aBasic education : Questions and answers
245 0 _cIndia. Education, (Ministry of-)
300 _a16p.
650 _aEducational - Guidance and Counseling
_9756302
942 _cTEXL
_h371.4, IND
999 _c1330029
_d1330029